Fußball WM Gastgeberland? #2 - Statistiken

Allgemein
  • Dieses Quiz wurde 197 mal gespielt
  • Das Durchschnittsergebnis liegt bei 7 aus 8
Antwortstatistiken
Hint Antwort % Korrekt
Frankreich Ja
98%
Iran Nein
98%
Tunesien Nein
96%
Spanien Ja
94%
Polen Nein
87%
Paraguay Nein
87%
Japan Ja
84%
Australien Nein
82%
Keine übereinstimmenden Quizze gefunden
Verteilung der Resultate
Anzahl Personen mit jedem Resultat
Perzentil nach korrekt beantworteten Fragen
Ihre Resultats-Entwicklung
Sie haben dieses Quiz noch nicht gespielt